| 000 -LEADER |
| fixed length control field |
00682nam a22002177a 4500 |
| 008 - FIXED-LENGTH DATA ELEMENTS--GENERAL INFORMATION |
| fixed length control field |
150617b xxu||||| |||| 00| 0 eng d |
| 020 ## - INTERNATIONAL STANDARD BOOK NUMBER |
| International Standard Book Number |
9781452241357 |
| 041 0# - LANGUAGE CODE |
| Language code of text/sound track or separate title |
eng |
| 080 ## - UNIVERSAL DECIMAL CLASSIFICATION NUMBER |
| Universal Decimal Classification number |
658.4 HIS |
| 100 1# - Rafti |
| Rafti |
Hisrich, Robert D. |
| 245 10 - TITLE STATEMENT |
| Title |
Managing innovation and entrepreneurship / |
| Statement of responsibility, etc |
Robert D. Hisrich, Thunderbird School of Global Management ; Claudine Kearney, University College Dublin. |
| 260 ## - |
| -- |
Singapore: |
| -- |
Sage; |
| -- |
2014 |
| 300 ## - |
| -- |
207 f.: |
| -- |
me il.; |
| -- |
24 cm. |
| 500 ## - |
| -- |
Preface: f.xiii-xiv |
| 505 ## - |
| -- |
Index: f.199-205 |
| 650 #0 - |
| -- |
Ndërmarrësi |
| 650 #0 - |
| -- |
Inovacion / Risi |
| 650 #0 - |
| -- |
Teknologji |
| 700 1# - |
| -- |
Kearney, Claudine. |
| 942 ## - ADDED ENTRY ELEMENTS (KOHA) |
| Source of classification or shelving scheme |
|
| Item type |
Books |